000 00385nam a2200145Ia 4500
005 20250425012431.0
008 240331s9999 xx 000 0 und d
082 _a294.5
_bVEL
100 _aVelan, K.N
245 0 _aEalattu shivayoga swamigal etriya gnana vilakku
260 _aColombo
_bUniterate merchance LMT
_c1995
300 _a148 p .,
650 _aReligion Literature
942 _cL
999 _c955
_d955